Creatividad y maestros: una alternativa para estimular la generación de la sociedad de los poetas vivos

Este texto nos presenta el tema de la creatividad como elemento indispensable para los proyectos referentes a ciencia y tecnología, aplicado al sistema educativo.

সংরক্ষণ করুন:
গ্রন্থ-পঞ্জীর বিবরন
প্রধান লেখক: Arciniegas, María Emilia
বিন্যাস: গ্রন্থ
ভাষা:Spanish
প্রকাশিত: Bogotá: CORPRODIC, 1997
মালা:Colección documentos de la misión; No. 7
বিষয়গুলি:
অনলাইন ব্যবহার করুন:Enlace del recurso
ট্যাগগুলো: ট্যাগ যুক্ত করুন
কোনো ট্যাগ নেই, প্রথমজন হিসাবে ট্যাগ করুন!

MARC

LEADER 00000nam a2200000 a 4500
001 001012
008 030505s1997 ck # fr# #000|0#spa#d
020 |a 958-95971-1-4 
041 0 |a spa 
043 |a s-ck--- 
082 0 4 |a 370.118  |b A613c 
100 1 |a Arciniegas, María Emilia 
245 1 0 |a Creatividad y maestros:  |b una alternativa para estimular la generación de la sociedad de los poetas vivos   |c María Emilia Arciniegas 
260 |a Bogotá:  |b CORPRODIC,  |c 1997 
300 |a 47 p. 
440 0 |a Colección documentos de la misión;  |v No. 7 
504 |a Incluye bibliografía. 
520 3 |a Este texto nos presenta el tema de la creatividad como elemento indispensable para los proyectos referentes a ciencia y tecnología, aplicado al sistema educativo. 
650 1 4 |a APTITUP CREADORA  |z COLOMBIA 
650 1 4 |a PERSONAL DOCENTE 
999 |c 3164  |d 3164 
856 |u https://catalogo.idep.edu.co/cgi-bin/koha/opac-detail.pl?biblionumber=3164  |z Enlace del recurso